Central Library OPAC University of Rajshahi

Low-temperature oxidation : (Record no. 70096)

MARC details
000 -LEADER
fixed length control field 00925nam a2200289 a 4500
001 - CONTROL NUMBER
control field 70096
003 - CONTROL NUMBER IDENTIFIER
rucl marc code BD-RjUL
005 - DATE AND TIME OF LATEST TRANSACTION
control field 20211209081949.0
008 - FIXED-LENGTH DATA ELEMENTS--GENERAL INFORMATION
fixed length control field 170416s1986 nyua b 001 0 eng
020 ## - INTERNATIONAL STANDARD BOOK NUMBER
International Standard Book Number 0471874485
035 ## - SYSTEM CONTROL NUMBER
System control number (BD-RjUL)
040 ## - CATALOGING SOURCE
Original cataloging agency DLC
Transcribing agency DLC
Modifying agency DLC
-- BD-RjUL
Language of cataloging eng
041 ## - LANGUAGE CODE
Language code of text/sound track or separate title eng
082 00 - DEWEY DECIMAL CLASSIFICATION NUMBER
Edition number 23
Classification number 541.393
Author mark and year FEL 1986
100 1# - MAIN ENTRY--PERSONAL NAME
Personal name Fehlner, F. P.
9 (RLIN) 207605
245 10 - TITLE STATEMENT
Title Low-temperature oxidation :
Remainder of title the role of vitreous oxides /
Statement of responsibility, etc. Francis P. Fehlner.
260 ## - PUBLICATION, DISTRIBUTION, ETC. (IMPRINT)
Place of publication, distribution, etc. New York :
Name of publisher, distributor, etc. Wiley,
Date of publication, distribution, etc. c1986.
300 ## - PHYSICAL DESCRIPTION
Pagination xxiv, 257 p. :
Illustrations ill. ;
Size 24 cm.
500 ## - GENERAL NOTE
General note "Sponsored by the Electrochemical Society, Inc."
504 ## - BIBLIOGRAPHY, ETC. NOTE
Bibliography, etc Includes bibliographies and index.
650 #0 - SUBJECT ADDED ENTRY--TOPICAL TERM
Topical term or geographic name as entry element Oxidation.
9 (RLIN) 207593
Topical term or geographic name as entry element Metallic oxides.
9 (RLIN) 207607
710 2# - ADDED ENTRY--CORPORATE NAME
Corporate name or jurisdiction name as entry element Electrochemical Society.
9 (RLIN) 207608
830 ## - SERIES ADDED ENTRY--UNIFORM TITLE
Uniform title Corrosion monograph series,
942 ## - ADDED ENTRY ELEMENTS (KOHA)
Source of classification or shelving scheme Dewey Decimal Classification
Koha item type Books
Holdings
Lost status Source of classification or shelving scheme Damaged status Not for loan Collection code Permanent Location Current Location Shelving location Date acquired Total Checkouts Full call number Date last seen Copy number Koha item type
  Dewey Decimal Classification   Not For Loan Non-fiction Central Library, University of Rajshahi Central Library, University of Rajshahi Reading Room 23/05/1989   541.393 FEL 1986 16/04/2017 C-1 Books